<?xml version="1.0" encoding="UTF-8"?>
<record
    xmlns:xsi="http://www.w3.org/2001/XMLSchema-instance"
    xsi:schemaLocation="http://www.loc.gov/MARC21/slim http://www.loc.gov/standards/marcxml/schema/MARC21slim.xsd"
    xmlns="http://www.loc.gov/MARC21/slim">

  <leader>01449cam a22002771  4500</leader>
  <controlfield tag="001">000004264</controlfield>
  <controlfield tag="005">20200929151423.0</controlfield>
  <controlfield tag="008">941119s1946    ag            000 0 spa  </controlfield>
  <datafield tag="040" ind1=" " ind2=" ">
    <subfield code="a">DO-SdBNP</subfield>
    <subfield code="b">spa</subfield>
    <subfield code="c">BNPHU</subfield>
  </datafield>
  <datafield tag="082" ind1=" " ind2=" ">
    <subfield code="a">809.03</subfield>
    <subfield code="b">B817g</subfield>
  </datafield>
  <datafield tag="100" ind1="1" ind2=" ">
    <subfield code="a">Brandes, Georg Morris Cohen.</subfield>
    <subfield code="q">(Georg Morris Cohen Brandes),</subfield>
    <subfield code="d">1842-1927.</subfield>
    <subfield code="9">12606</subfield>
  </datafield>
  <datafield tag="245" ind1="1" ind2="4">
    <subfield code="a">Las grandes corrientes de la literatura en el siglo XIX /</subfield>
    <subfield code="c">Georg Morris Cohen Brandes ; traducci&#xF3;n V. Arobon Fern&#xE1;ndez, S. M. Neuschlosz, &#xC1;ngela Romera y Marta E. Samatan.</subfield>
  </datafield>
  <datafield tag="260" ind1=" " ind2=" ">
    <subfield code="a">Buenos Aires :</subfield>
    <subfield code="b">Americalee,</subfield>
    <subfield code="c">1946.</subfield>
  </datafield>
  <datafield tag="300" ind1=" " ind2=" ">
    <subfield code="a">6 v. ;</subfield>
    <subfield code="c">24 cm.</subfield>
  </datafield>
  <datafield tag="500" ind1=" " ind2=" ">
    <subfield code="a">La biblioteca posee el vol. Segundo.</subfield>
  </datafield>
  <datafield tag="500" ind1=" " ind2=" ">
    <subfield code="a">The Danish original was pub. 1872-1890 under title: Hovedstrmninger i det 19 de aarhundredes litteratur.</subfield>
  </datafield>
  <datafield tag="500" ind1=" " ind2=" ">
    <subfield code="a">"Traduccion ... por V. Orobon Fernandez ... Dr. S. M. Neuschlosz ... las Dras. Angela Romera y Marta E. Samatan."</subfield>
  </datafield>
  <datafield tag="505" ind1="0" ind2=" ">
    <subfield code="a">v. 1. La literatura de emigrantes. La escuela rom&#xE1;ntica en Alemania. La Francia en Reaccion. El Naturalista en Inglaterra -- v. 2. La escuela rom&#xE1;ntica en Francia. La joven Alemania.</subfield>
  </datafield>
  <datafield tag="650" ind1=" " ind2="0">
    <subfield code="a">Literature, modern</subfield>
    <subfield code="y">19th century</subfield>
    <subfield code="x">History and criticism.</subfield>
    <subfield code="9">12607</subfield>
  </datafield>
  <datafield tag="650" ind1=" " ind2="0">
    <subfield code="a">Naturalism in literature.</subfield>
    <subfield code="9">12608</subfield>
  </datafield>
  <datafield tag="650" ind1=" " ind2="0">
    <subfield code="a">Romanticism.</subfield>
    <subfield code="9">12609</subfield>
  </datafield>
  <datafield tag="700" ind1="1" ind2=" ">
    <subfield code="a">Orobon Fernandez, V.,</subfield>
    <subfield code="e">tr.</subfield>
    <subfield code="9">12610</subfield>
  </datafield>
  <datafield tag="700" ind1="1" ind2=" ">
    <subfield code="a">Neuschlosz, s. m.,</subfield>
    <subfield code="e">tr.</subfield>
    <subfield code="9">12611</subfield>
  </datafield>
  <datafield tag="700" ind1="1" ind2=" ">
    <subfield code="a">Romera, Angela,</subfield>
    <subfield code="e">tr.</subfield>
    <subfield code="9">12612</subfield>
  </datafield>
  <datafield tag="700" ind1="1" ind2=" ">
    <subfield code="a">Samatan Marta E.,</subfield>
    <subfield code="e">tr.</subfield>
    <subfield code="9">12613</subfield>
  </datafield>
  <datafield tag="952" ind1=" " ind2=" ">
    <subfield code="0">0</subfield>
    <subfield code="1">0</subfield>
    <subfield code="5">2</subfield>
    <subfield code="7">0</subfield>
    <subfield code="8">MO</subfield>
    <subfield code="a">GR</subfield>
    <subfield code="b">GR</subfield>
    <subfield code="c">HD</subfield>
    <subfield code="d">2009-07-20</subfield>
    <subfield code="i">LF1</subfield>
    <subfield code="l">0</subfield>
    <subfield code="o">809.03 B817g</subfield>
    <subfield code="p">4264-10</subfield>
    <subfield code="r">2020-06-25</subfield>
    <subfield code="w">2020-06-25</subfield>
    <subfield code="y">2</subfield>
    <subfield code="Z">Pr&#xE9;stamo interno</subfield>
  </datafield>
  <datafield tag="999" ind1=" " ind2=" ">
    <subfield code="c">4078</subfield>
    <subfield code="d">4078</subfield>
  </datafield>
</record>
